000 00968nam a2200241 i 4500
001 48001
003 ES-MaACL
005 20250717091856.0
007 t|
008 940301s1872 sp a ||||1| spa d
040 _aCAM
_bspa
100 1 _aCreus y Manso, Juan.
_941578
245 1 0 _aTratado elemental de anatomía medico-quirúrgica, o sea anatomía aplicada a la patología y a la terapeútica médica y quirúrgica, a la obstetricia y a la medicina legal /
_cpor el Doctor D. Juan Creus.
250 _a2ª ed., aum. considerablemente y enriquecida con numerosos grabados.
260 _aMadrid :
_bCarlos Bailly-Baillière,
_c1872.
300 _a1042, 5 p. :
_bil. ;
_c23 cm.
530 _aDisponible en formato digital.
650 7 _aAnatomía humana
_2embne
_99801
852 _aES-MaACL
_jG-6079
852 _aES-MaACL
_jF-13484
856 _uhttp://bdh-rd.bne.es/viewer.vm?id=0000038485&page=1
_zBiblioteca Digital Hispánica
999 _c48001
_d48001